V tme uprostred dňa aj noci svet pokračuje

Bibliographic Details
Main Author: Rakúsová, Gabriela, 1943- (Author)
Format: Article
Language:Slovak
PhysicalDescription:Fotogr.
ISSN:1335-440X
Subjects:

MARC

LEADER 00000nab a2200000 ar4500
001 vtls008962922
003 SK-MaSNL
005 20260303220645.0
008 240405c20070329xo dr|p|||||||000 b|slo
015 |a SNBRB2007/04  |2 snkbucl 
038 |a SNKBUCL 
040 |a SNKBUCL  |b slo  |c SNKBUCL  |e AACR2 
041 |a slo 
044 |a xo  |c SK 
080 |a 82.09:821.162.4-1  |x (048)  |2 2001 
080 |a 821.162.4-1  |x (048)  |2 2001 
100 1 |a Rakúsová, Gabriela,  |d 1943-  |4 aut  |9 84087 
245 1 0 |a V tme uprostred dňa aj noci svet pokračuje  |c Gabriela Rakúsová 
300 |b Fotogr. 
650 0 7 |a slovenská poézia  |2 snkbucl  |9 215422 
650 0 7 |a elégie, slovenské  |x recenzie  |2 snkbucl  |9 1253994 
655 7 |a recenzie  |2 snkbucl  |9 21907 
740 0 2 |a Desať elégií 
773 0 |t Sme. Práca  |g Roč. 15, č. 74 (29.3.2007)  |x 1335-440X 
773 0 |i Príl.:  |t Literatúra XXL  |g S. 26 
787 0 8 |i Rec.:  |a Štrpka, Ivan, 1944-  |t Tichá ruka : desať elégií  |d Bratislava: Ars Poetica, 2006 
850 |a Slovenská národná knižnica 
852 |a Slovenská národná knižnica 
958 |a RC 
958 |a LX 
958 |a SK 
999 |c 2228340  |d 2230270